Dân ca HMông

Saved in:
Bibliographic Details
Main Author: Doãn, Thanh (Sưu tầm)
Corporate Author: Liên Hiệp các Hội Văn học Nghệ thuật Việt Nam Hội Văn học Nghệ thuật các Dân tộc Thiểu số Việt Nam
Other Authors: Chế, Lan Viên (Sưu tầm), Hoàng, Thao (Sưu tầm)
Format: Book
Language:Vietnamese
Published: Hà Nội Hội nhà văn 2018
Subjects:
Tags: Add Tag
No Tags, Be the first to tag this record!
Institutions: Trung tâm Học liệu Lê Vũ Hùng, Trường Đại học Đồng Tháp
LEADER 01200aam a22002778a 4500
001 00043641
005 20190228140236.0
008 140604s2013 ||||||viesd
020 # # |c 0  |a 978 604 972 166 3 
041 0 # |a vie 
082 1 # |a 782.421 62  |b D121C 
100 1 # |e Sưu tầm  |a Doãn, Thanh 
245 1 0 |c Doãn Thanh; Hoàng Thao; Chế Lan Viên(Sưu tầm)  |a Dân ca HMông 
260 # # |a Hà Nội  |b Hội nhà văn  |c 2018 
300 # # |a 761 tr.  |c 21 cm. 
500 # # |a ĐTTS ghi: Liên Hiệp các Hội Văn học Nghệ thuật Việt Nam. Hội Văn học Nghệ thuật các Dân tộc Thiểu số Việt Nam 
653 # # |a Dân ca 
653 # # |a Văn hóa dân gian 
653 # # |a Việt Nam 
653 # # |a Dân ca HMông 
700 1 # |a Chế, Lan Viên  |e Sưu tầm 
700 1 # |e Sưu tầm  |a Hoàng, Thao 
710 # # |a Liên Hiệp các Hội Văn học Nghệ thuật Việt Nam  |b Hội Văn học Nghệ thuật các Dân tộc Thiểu số Việt Nam 
852 # # |j KD.0024479 
910 0 # |d 28/2/2019 
980 # # |a Trung tâm Học liệu Lê Vũ Hùng, Trường Đại học Đồng Tháp